000 00304nam a22001337a 4500
008 170828b xxu||||| |||| 00| 0 eng d
020 _a9780075551348
041 _aeng
080 _23 ED
_a070
100 _a39
101 _aMED
245 _aTHE ART PUBLIC SPEAKING
_cLUCAS.S.E
942 _2udc
_cBK
999 _c25202
_d25202